000 00341nam a22001457a 4500
020 _a978-93-88173-84-1
041 _aENG
100 _aSharma R.K
245 _aReady Reconer for ICAR-ALEEA UG
260 _aNew Delhi
_bActral
_c2019
300 _a835
650 _aCompetitive Exam
700 _aChavan .U.D
856 _uCompetitive Exam
999 _c215
_d215